| 000 | 01079nas a2200337 4500 | ||
|---|---|---|---|
| 001 | BR0809952 | ||
| 003 | BR-BrBNA | ||
| 005 | 20231205112547.0 | ||
| 007 | ta | ||
| 008 | 230509b bl.|||p| |||| 00| 00por d | ||
| 040 |
_aBR-BrBNA _bpor _cBiblioteca Nacional de Agricultura |
||
| 041 | _a(Pt) | ||
| 072 | _aE16 | ||
| 100 | 1 | _aBliska, F.M. de M. | |
| 100 | 1 | _aParreira, S.P. | |
| 100 | 1 | _aGiomo, G.S. | |
| 100 | 1 | _aVegro, C.L.R. | |
| 245 | 1 | _aCaracterização da produção de Coffea arabica e possibilidade de cultivo de Coffea canephora na região oeste do Estado de São Paulo | |
| 650 | _aCOFFEA ARÁBICA | ||
| 650 | _aCAFE ROBUSTA | ||
| 650 | _aPESQUISA | ||
| 650 | _aCLIMA | ||
| 650 | _aTECNOLOGIA APROPRIADA | ||
| 650 | _aPOLÍTICA GOVERNAMENTAL | ||
| 650 | _aCUSTO DE PRODUÇÃO | ||
| 650 | _aESTRUTURA SOCIAL | ||
| 650 | _aSÃO PAULO | ||
| 773 | 0 |
_tInformações Econômicas - Instituto de Economia Agrícola (Brazil) _xISSN 0100-4409 _g(Aug 2008), v. 38(8) p. 38-42 _wBR0809952 |
|
| 909 |
_a202311 _bLúcia _c55 _dLúcia Elande |
||
| 942 |
_2AGRIS _n0 _cANA |
||
| 999 |
_c198672 _d198672 |
||